000 01244nam a2200325 i 4500
003 EG-GICUC
005 20260217195136.0
008 260217s1983 ua |||fr|||| 00| 0 ara d
040 _a EG-GICUC
_bara
_c EG-GICUC
_d EG-GICUC
_erda
041 0 _aAra
082 0 4 _221
_a343.124
_bم ح . د
092 0 4 _221
099 _aLaw1 10 343.124 م ح . د 1983
100 0 _aمحمد سيد عبدالتواب
_eمؤلف.
245 1 2 _aالدفاع الشرعى فى الفقه الإسلامى :
_bدراسة مقارنة /
_cتأليف الدكتور محمد سيد عبدالتواب.
250 _aالطبعة الأولى
264 1 _aالقاهرة :
_bعالم الكتب،
_c1983.
300 _a704 ؛صفحة
_c24 سم.
_bإيضاحيات، صور، مثيليات ؛
336 _2rda content
_atext
337 _2rda media
_aComputer
338 _2rda carrier
_aOnline Resource
504 _a. 240-220 ببليوجرافيا: صفحات.
546 _aالنص باللغة العربية
650 1 _aالدفاع الشرعى
_2qrmak
650 1 _aالقانون الجنائى
_2qrmak
651 1 _2qrmak
856 4 0 _uhttps://fll.law.cu.edu.eg/fulltext/bks/B10-08303.pdf
905 _a54
942 _2ddc
_cBK
_e21
_n0
999 _c63456
_d63456